Operative Planung der Materialverbrauchskosten in der Förderwegen der Steinkohlenberge unter Tage.

Zhoršenie ťažobných podmienok v poľských baniach, neprehľadnosť infraštruktúry baní, technicko-organizačné parametre a ich spätosť s veľkosťou materiálových nákladov vyjadrená v ekonometrickom modeli. Postup pri vytváraní informačnej bázy pre operatívne plánovanie nákladov materiálovej spotreby.

Salvato in:
Dettagli Bibliografici
Autore principale: Jaworski, B.
Natura: Capitolo di libro
Lingua:tedesco
Soggetti:
Tags: Aggiungi Tag
Nessun Tag, puoi essere il primo ad aggiungerne!!

MARC

LEADER 00000naa a2200000 4500
001 r004229
005 20221130104014.8
041 0 |a ger 
044 |a DE 
245 1 0 |a Operative Planung der Materialverbrauchskosten in der Förderwegen der Steinkohlenberge unter Tage.  |c B. Jaworski 
520 |a Zhoršenie ťažobných podmienok v poľských baniach, neprehľadnosť infraštruktúry baní, technicko-organizačné parametre a ich spätosť s veľkosťou materiálových nákladov vyjadrená v ekonometrickom modeli. Postup pri vytváraní informačnej bázy pre operatívne plánovanie nákladov materiálovej spotreby. 
610 2 0 |a bane uhoľné 
610 2 0 |a ťažba surovín 
610 2 0 |a infraštruktúra 
610 2 0 |a spotreba materiálu 
610 2 0 |a modely ekonometrické 
610 2 0 |a náklady materiálové 
610 2 0 |a plánovanie operatívne 
100 1 |a Jaworski, B.